000 01966nam0a2200289 4500
001 RU\NLR\bibl\1277227
005 20250615135955.0
021 _aRU
_b2008-57892
_93224
035 _a(NLR Aleph) 001263041
090 _a391297
_c391297
100 _a20080924d2008 |||y0rusy50 ca
101 0 _arus
102 _aRU
105 _aa |||||||||
200 1 _aВнешние интерфейсы персональных компьютеров IBM PC
_eучебное пособие
_e[для студентов всех форм обучения специальности 100101 "Сервис" специализации 100101.03 "Сервис компьютерной и микропроцессорной техники"]
_fА.А. Семиков
_gФедер. агентство по образованию, Федер. гос. образоват. учреждение высш. проф. образования "Рос. гос. ун-т туризма и сервиса" (ФГОУВПО "РГУТиС"), Волгогр. фил.
210 _aВолгоград
_cФедеральное государственное образовательное учреждение высшего профессионального образования "Российский государственный университет туризма и сервиса", Волгоградский филиал
_d2008
215 _a50 с.
_cил.
_d21
320 _aБиблиогр.: с. 49 (6 назв.)
606 1 _aIBM, персональные компьютеры
_jУчебные издания для высших учебных заведений
_xИнтерфейсы
_92103013
_3RU\NLR\auth\661271670
686 _aЗ973.23-044я73-1
700 1 _aСемиков
_bА. А.
_gАлександр Алексеевич
_4070
801 0 _aRU
_bNLR
_c20080924
_gRCR
801 1 _aRU
_bNLR
_c20080924
830 _aавт. по кн.
942 _cBOOK
980 _aNB